Responses for Show #7137 - Tuesday, September 29, 2015

Matt Jackson game 3.

Contestants

[<< previous game]

Alan Sherman, a freelance political consultant from Mountain View, California

Cam Hoang, an attorney from Minneapolis, Minnesota

Matt Jackson, a paralegal from Washington, D.C. (whose 2-day cash winnings total $51,200)

[next game >>]

Jeopardy! Round responses

THEATER RHYME TIME
FRUITS & VEGETABLES
DECIMALS
IN THE DICTIONARY
HAIRLESS BANDS
GENERAL KNOWLEDGE
    $200 5
a fast cast

Alan
    $200 10
(Matt: What is broccoli?)

asparagus

MattAlan
    $200 28
.25

Alan
    $200 29
ruth

Matt
    $200 30
U2

Matt
    $200 11
polio

Matt
    $400 6
(Alan: What is a store store?)

a prop shop

MattAlan
    $400 4
sweet potatoes

Alan
    $400 26
a digit

Matt
    $400 27
a glutton

Alan
    $400 24
Phil Collins

Alan
    $400 15
Siberia

Matt
    $600 7
a nap trap

Cam
    $600 1
cantaloupe

Triple Stumper
    $600 16
(Matt: What are digits?)

zeroes

MattAlan
    $600 18
fauna

Matt
    $600 22
the Smashing Pumpkins

Matt
    $600 12
(Cam: What is the Humane Society?)

PETA

CamAlan
    $800 8
shock block

Cam
    $800 2
Thompson seedless grapes

Triple Stumper
    $800 17
a comma

Alan
    $800 19
a carcinogen

Alan
    $800 21
Daughtry

Matt
    $800 13
Maine

Alan
    $1000 9
March arch

Matt
    $1000 3
(Cam: What are pea pods?)

okra

Cam
Triple Stumper
    $4,400 25
irrational numbers

Alan
    $1000 20
yet

Cam
    $1000 23
Midnight Oil

Matt
    $1000 14
St. Rose of Lima

Triple Stumper

Scores at the first commercial break (after clue 15):

Matt Cam Alan
$1,800 -$200 $1,800

Scores at the end of the Jeopardy! Round:

Matt Cam Alan
$5,000 $800 $9,400

Double Jeopardy! Round responses

YOSEMITE NATIONAL PARK 125th ANNIVERSARY
ROLE IN COMMON
"MM" BOP
COUNTRIES IN SPANISH
LITERARY BEFORE & AFTER
GENERAL KNOWLEDGE
(Alex: I thought we had that in the first round, but this one is a little different.)
    $400 30
bighorn

Alan
    $400 29
Brando

Matt
    $400 28
a mammoth

Alan
    $400 26
(Alan: What is South Africa?)

South Korea

MattAlan
    $400 27
Fifty Shades of Grey Cup

Cam
    $400 25
Eisenhower

Alan
    $800 9
the Sierra Nevada

Matt
    $800 23
(Leonard) Nimoy

Alan
    $800 24
inflammatory

Matt
    $3,000 19
the United Kingdom

Matt
    $800 18
the Lady of the Lake Wobegon

Matt
    $800 22
Lee

Alan
    $1200 6
sequoias

Matt
    $1200 10
(Alan: Who is James Garner?)
(Cam: Who is, uh... Thompson?)

Tommy Lee Jones

CamAlan
Triple Stumper
    $1200 13
(Alan: Who is Philip Seymour Hoffman?)

Christopher Plummer

Alan
Triple Stumper
    $1200 5
Latvia

Alan
    $1200 4
I, Robot Chicken

Alan
    $5,000 3
(Zebulon) Pike

Matt
    $1600 7
(John) Muir

Cam
    $1600 11
(Cam: Who is Sissy Spacek?)

Mayim Bialik

Cam
Triple Stumper
    $1600 1
ammonia

Cam
    $1600 2
Germany

Matt
    $1600 16
(Alan: What is The Unbearable Lightness of Being Sarah Marshall?)

The Unbearable Lightness of Being John Malkovich

MattAlan
    $1600 21
Westmoreland

Cam
    $2000 8
Half Dome

Matt
    $2000 12
(Alex: Alan, now is the time for [*]!)

James Garner

Triple Stumper
    $2000 14
Common Sense

Matt
    $2000 15
Côte d'Ivoire

Triple Stumper
    $2000 17
Clarence Thomas Pynchon

Matt
    $2000 20
Omar Bradley

Triple Stumper

Scores at the end of the Double Jeopardy! Round:

Matt Cam Alan
$26,600 $3,200 $10,200
(lock game)

[wagering suggestions for these scores]

Final Jeopardy! Round responses

EUROPEAN MUSEUMS
(Alex: One of the most famous museums in the world.)
...
(Alex: [To Cam] [*]--Queen Beatrix of the Netherlands, of course.)
CamWhat is the Rikjsmuseum?
$3,100
AlanWhat is the Rijksmusem Rijksmuseum?
$3,773
MattWhat is Rijksmuseum
$3,400
the Rijksmuseum (in Amsterdam)

Final scores:

Matt Cam Alan
$30,000 $6,300 $13,973
3-day champion: $81,200 3rd place: $1,000 2nd place: $2,000

Game dynamics:

Coryat scores:

Matt Cam Alan
$20,600 $3,200 $6,800
24 R
(including 2 DDs),
2 W
7 R,
4 W
19 R
(including 1 DD),
5 W

Combined Coryat: $30,600

[game clues] [game scores] [suggest correction]

Game tape date: 2015-09-01
The J! Archive is created by fans, for fans. Scraping, republication, monetization, and malicious use prohibited; this site may use cookies and collect identifying information. See terms. The Jeopardy! game show and all elements thereof, including but not limited to copyright and trademark thereto, are the property of Jeopardy Productions, Inc. and are protected under law. This website is not affiliated with, sponsored by, or operated by Jeopardy Productions, Inc. Join the discussion at JBoard.tv.